• 首页
  • 本馆介绍
  • 公告通知
  • 最新文献
  • 馆藏检索
  • 电子资源
  • 读者导购
  • 参考咨询
  • 我的图书馆
  • 登录
  • 详细信息显示
  • 放入我的书架
  • 预约/预借图书
  • 作者相关作品
  • 分类相关作品
  • 丛书相关作品
  • 出版社相关作品

书目信息

  • 表格格式
  • 工作单格式
  • 卡片格式
题名:
打假的法制与实践
    
 
作者: 叶柏林 主编
分册:  
出版信息: 北京   中国计量出版社  2006
页数: 443页
开本: 23cm
丛书名:
单 册:
中图分类: D912.29 , D912.104
科图分类:
主题词: 假冒伪劣产品--行政执法--研究--世界
电子资源:
ISBN: 7-5026-2508-9
000 00823nam0 2200229 450
001 2346792342
005 20231221130017.04
010    @a7-5026-2508-9@d58.00CNY
100    @a20110101d2006 em y0chiy0110 ea
101 0  @achi
102    @aCN@b110000
105    @ay z 000yy
200 1  @a打假的法制与实践@Ada jia de fa zhi yu shi jian@f叶柏林主编
210    @a北京@c中国计量出版社@d2006
215    @a443页@d23cm
330    @a本书论述了全球假冒产品的危害,我国假冒伪劣商品概述,全国开展打假工作的基本做法,假冒伪劣屡禁不止的若干问题,打假与新闻舆论,打假与原产地保护,打假与防伪技术应用以及打假的法制建设及存在问题等。
606 0  @a假冒伪劣产品@x行政执法@x研究@y世界
690    @aD912.29@v5
690    @aD912.104@v5
701  0 @a叶柏林@Aye bo lin@4主编
801  2 @aCN@b辽宁北配@c20231205
905    @aBZT@dD912.29@e189
    
    打假的法制与实践/叶柏林主编.-北京:中国计量出版社,2006
    443页;23cm
    
    
    ISBN 7-5026-2508-9:58.00CNY
    本书论述了全球假冒产品的危害,我国假冒伪劣商品概述,全国开展打假工作的基本做法,假冒伪劣屡禁不止的若干问题,打假与新闻舆论,打假与原产地保护,打假与防伪技术应用以及打假的法制建设及存在问题等。
●
相关链接 在五车中查询图书 在当当中查询图书 在豆瓣中查询图书


正题名:打假的法制与实践     索取号:D912.29/189         预约/预借

序号 登录号 条形码 馆藏地/架位号 状态 备注
1 2001684104   2001684104   315书库/ [索取号:D912.29/189] 在馆    
2 2001684105   2001684105   315书库/ [索取号:D912.29/189] 在馆    
3 2001684106   2001684106   315书库/ [索取号:D912.29/189] 在馆    
4 2001684107   2001684107   315书库/ [索取号:D912.29/189] 在馆    
5 2001684108   2001684108   315书库/ [索取号:D912.29/189] 在馆    
6 2001684109   2001684109   315书库/ [索取号:D912.29/189] 在馆    
7 2001684110   2001684110   315书库/ [索取号:D912.29/189] 在馆    
8 2001684111   2001684111   315书库/ [索取号:D912.29/189] 在馆    
9 2001684112   2001684112   315书库/ [索取号:D912.29/189] 在馆    
10 2001684113   2001684113   315书库/ [索取号:D912.29/189] 在馆    
11 2001684114   2001684114   315书库/ [索取号:D912.29/189] 在馆    
12 2001684115   2001684115   315书库/ [索取号:D912.29/189] 在馆    
13 2001684116   2001684116   315书库/ [索取号:D912.29/189] 在馆    
14 2001684117   2001684117   315书库/ [索取号:D912.29/189] 在馆    
15 2001684118   2001684118   315书库/ [索取号:D912.29/189] 在馆    
16 2001684119   2001684119   315书库/ [索取号:D912.29/189] 在馆    
17 2001684120   2001684120   315书库/ [索取号:D912.29/189] 在馆    
18 2001684121   2001684121   315书库/ [索取号:D912.29/189] 在馆    
山东省滨州职业学院图书馆 欢迎您!
大连网信软件有限公司© 版权所有